00449nam a22001577a 450000500170000000800410001702000150005804100150007308200160008810000280010424500330013225000200016526000520018530000290023765000250026620231130062350.0231130b |||||||| |||| 00| 0 eng d a0409029327 aAfrikaans  a340.02 JCN  aNoster, JC lAfrikaans  a'n Feesbundel / cJC Noster  aEerste Uitgawe  aDurban : bButterworth en Kie. Edms Bpk, c1979 bx, 182 pages ; c26 cm.  aLegal practice bLaw